|
|
|
|
| LEADER |
01358nam a2200385Ia 4500 |
| 001 |
EBC634163 |
| 003 |
MiAaPQ |
| 005 |
20200520144314.0 |
| 006 |
m o d | |
| 007 |
cr cn||||||||| |
| 008 |
010516s2001 caua s 000 0 eng d |
| 010 |
|
|
|z 2001035873
|
| 020 |
|
|
|z 9781576751534
|
| 020 |
|
|
|z 1576751538
|
| 035 |
|
|
|a (MiAaPQ)EBC634163
|
| 035 |
|
|
|a (Au-PeEL)EBL634163
|
| 035 |
|
|
|a (CaPaEBR)ebr10315405
|
| 035 |
|
|
|a (CaONFJC)MIL229926
|
| 035 |
|
|
|a (OCoLC)503009306
|
| 040 |
|
|
|a MiAaPQ
|c MiAaPQ
|d MiAaPQ
|
| 050 |
|
4 |
|a HD50.5
|b .B55 2001
|
| 100 |
1 |
|
|a Blanchard, Kenneth H.
|
| 245 |
1 |
0 |
|a Empowerment takes more than a minute
|h [electronic resource] /
|c Ken Blanchard, John P. Carlos, Alan Randolph.
|
| 250 |
|
|
|a 2nd ed.
|
| 260 |
|
|
|a San Francisco :
|b Berrett-Koehler Publishers,
|c c2001.
|
| 300 |
|
|
|a xvii, 135 p. :
|b ill.
|
| 533 |
|
|
|a Electronic reproduction. Ann Arbor, MI : ProQuest, 2015. Available via World Wide Web. Access may be limited to ProQuest affiliated libraries.
|
| 650 |
|
0 |
|a Employee empowerment.
|
| 650 |
|
0 |
|a Delegation of authority.
|
| 650 |
|
0 |
|a Decentralization in management.
|
| 655 |
|
4 |
|a Electronic books.
|
| 700 |
1 |
|
|a Carlos, John P.
|
| 700 |
1 |
|
|a Randolph, W. Alan.
|
| 710 |
2 |
|
|a ProQuest (Firm)
|
| 856 |
4 |
0 |
|u https://ebookcentral.proquest.com/lib/matrademy/detail.action?docID=634163
|z Click to View
|